Kpop light grey album covers - Statistics

General Stats
  • This quiz has been taken 27 times
  • The average score is 41 of 64
Answer Stats
Picture Answer % Correct
EASY, Smart
96%
NOT CUTE ANYMORE
96%
GOLD
92%
ILLIT
92%
ITZY
92%
BABYMONSTER
88%
BLACKPINK
88%
BTS
88%
LE SSERAFIM
88%
AOA
85%
ITZY
85%
SEVENTEEN
85%
TWICE
85%
TWS
85%
Cheshire
81%
Stray Kids
81%
TWICE
81%
TWICE
81%
XLOV
81%
YES or YES
81%
BOYNEXTDOOR
77%
fromis_9
77%
God's Menu
77%
LIKEY
77%
SHEESH
77%
Stray Kids
77%
Stray Kids
77%
T-ara
77%
Air
73%
BTS
73%
EXO
73%
Stray Kids
73%
YEJI
73%
Alcohol-Free
69%
BADVILLAIN
69%
CASE 143
69%
Miniskirt
69%
Shut Down
69%
SUNMI
69%
NCT U
65%
Rizz, Biii:-P
65%
TWICE
65%
BADVILLAIN
58%
BTS
58%
i-dle
58%
Good Thing
54%
plot twist
54%
The First Snow
54%
Blood Sweat & Tears
42%
MCND
42%
DNA
38%
Baggy Jeans
35%
ICE AGE
35%
I Feel Good
35%
ME+YOU
35%
Hellevator
31%
District 9
27%
Don't Wanna Cry
19%
House Of Cards
15%
CYNICAL
12%
Crazy Because Of You
8%
OnlyOneOf
8%
WE GO
8%
skinz
4%
No matching quizzes found
Score Distribution
Percent of People with Each Score
Percentile by Number Answered
Your Score History
You have not taken this quiz